000
00337nam a2200133Ia 4500
008
240624s9999 xx 000 0 und d
041
_a
eng
082
_a
338.5 SAV
100
_a
SAVAGE SAM L
245
_a
FLAW OF AVERAGES WHY WE UNDERESTIMATE RI
260
_c
2009
_a
Hoboken
_b
John Wiley and Sons
300
_a
416 : p.
365
_c
_b
27
999
_c
15780
_d
15780